000 00447nam a22001577a 4500
005 20251108164929.0
008 250721s1995 xx 000 0 ara d
082 1 4 _a651.3/عاد
100 1 _aحسن، عادل
245 1 0 _aإدارة الأفراد /
264 1 _aالإسكندريه :
_bمركز الإسكندرية للكتاب،
_c1995.
300 _a314ص
650 1 7 _aإدارة الأفراد
942 _2ddc
_cBK
999 _c17735
_d17735